| 000 | 01218nam a22003617a 4500 | ||
|---|---|---|---|
| 003 | CHAP | ||
| 005 | 20220817043239.0 | ||
| 008 | 971013s1988 us a r 00010 eng d | ||
| 010 | _a69508 | ||
| 011 | _a70480 | ||
| 035 | _a79961 | ||
| 040 | _cCHAP | ||
| 090 | _aFolleto 12370 | ||
| 100 | 0 | 0 |
_aReid, Walter V. _995753 |
| 245 | 1 |
_aBank rolling successes _b: a portfolio of sustainable development projects |
|
| 260 |
_aWashington, D. C. : _bEnvironmental Policy Institute, _c1988 |
||
| 300 |
_a47 p. _b: ilus. |
||
| 500 | _a34-163 | ||
| 590 |
_aBATCH-UPD _b10 _c20130110 _lUCH01 _h0344 |
||
| 590 |
_aBATCH-UPD _b10 _c20130110 _lUCH01 _h2017 |
||
| 590 |
_aBATCH-UPD _b10 _c20130410 _lUCH01 _h0017 |
||
| 590 |
_aBATCH-UPD _b10 _c20130914 _lUCH01 _h0538 |
||
| 590 |
_aCONVERSION _b10 _c20130109 _lUCH01 _h1338 |
||
| 650 | 1 | 4 |
_aAgricultura de subsistencia. _91998 |
| 650 | 1 | 4 | _aDesarrollo económico. |
| 700 | 0 |
_aBarnes, James N. _910250 |
|
| 700 | 0 |
_aBlackwilder, Brent. _913016 |
|
| 700 | 0 |
_aEnvironmental Policy Institute. Washington, D. C. _937181 |
|
| 901 | _aBK | ||
| 942 | _cFOLL | ||
| 949 |
_aFolleto 12370 _bBC _cFOLL _d-32852 _eTS1 _i79961 _mD _si |
||
| 949 |
_aFolleto 12370 _bBC _cFOLL _d-98710 _eTS2 _fc.2 _i79961 _mD _si |
||
| 999 |
_c69508 _d69508 |
||